Normal view
MARC view
Entry Personal Name
001 - CONTROL NUMBER
- control field: 547399
003 - CONTROL NUMBER IDENTIFIER
- control field: OSt
005 - DATE AND TIME OF LATEST TRANSACTION
- control field: 20220930092007.0
008 - FIXED-LENGTH DATA ELEMENTS
- fixed length control field: 220930|| aca||aabn | a|a d
040 ## - CATALOGING SOURCE
- Original cataloging agency: OSt
- Transcribing agency: OSt
100 ## - HEADING--PERSONAL NAME
- Personal name: Sharma Amit Au
670 ## - SOURCE DATA FOUND
- Source citation: Work cat.: (OSt)883013: Sharma Amit Au., Reproductive helth needs in unmarried male youth in an urban resettlement colony of Delhi, 2014
